From neoliberalism to possible alternatives = Del neoliberalismo a posibles alternativas /
El artículo tiene el objetivo de mostrar posibles alternativas al neoliberalismo. En la primera parte del texto, se esbozan las principales características del neoliberalismo, posteriormente se describe el desempeño económico y social del neoliberalismo, seguido se analiza cómo los neoliberales han...
Bewaard in:
| Hoofdauteur: | |
|---|---|
| Formaat: | Boek |
| Taal: | English |
| Onderwerpen: | |
| Tags: |
Voeg label toe
Geen labels, Wees de eerste die dit record labelt!
|
MARC
| LEADER | 00000nam a22000007a 4500 | ||
|---|---|---|---|
| 003 | cru CIDCACS/IIS | ||
| 005 | 20180504062534.0 | ||
| 007 | ta | ||
| 008 | 170906s2015 mx |||p|r|||| 00| 0 eng d | ||
| 999 | |c 40388 |d 40388 | ||
| 040 | |c cru CIDCACS/IIS | ||
| 100 | 1 | |a Isidro Luna, Víctor Manuel |9 5528 | |
| 245 | 1 | |a From neoliberalism to possible alternatives = |b Del neoliberalismo a posibles alternativas / |c Víctor Manuel Isidro Luna | |
| 300 | |a páginas 35-49 |b tabla | ||
| 500 | |a texto en inglés | ||
| 520 | |a El artículo tiene el objetivo de mostrar posibles alternativas al neoliberalismo. En la primera parte del texto, se esbozan las principales características del neoliberalismo, posteriormente se describe el desempeño económico y social del neoliberalismo, seguido se analiza cómo los neoliberales han captado poder a nivel mundial, en el siguiente a apartado se destacan las opciones progresistas frente al neoliberalismo, así como los requisitos que estas deben cumplir. En las conclusiones se plantea que cualquier alternativa al neoliberalismo debe ser eficiente y establecer los medios para lograr sus metas. | ||
| 650 | 1 | 0 | |9 64 |a CAPITALISMO |
| 650 | 1 | 0 | |9 2097 |a SOCIALISMO |
| 650 | 1 | 0 | |9 71 |a DESARROLLO ECONOMICO Y SOCIAL |
| 650 | 4 | |9 1933 |a CAMBIO SOCIAL | |
| 650 | 4 | |9 1836 |a MODOS DE PRODUCCION | |
| 650 | 1 | 0 | |9 1394 |a SISTEMAS ECONOMICOS |
| 650 | 1 | 0 | |9 129 |a NEOLIBERALISMO |
| 773 | 0 | |0 19200 |9 1271 |a Universidad Nacional Autónoma de México. |d México: UNAM |o 17922 |t Economía Informa / | |
| 942 | |2 ddc |c PP | ||
